NLSUI OPAC header image

A handbook of disciplinary action procedure for bank officers / (Record no. 111930)

MARC details
000 -LEADER
fixed length control field 00466nam a2200157Ia 4500
005 - DATE AND TIME OF LATEST TRANSACTION
control field 20260204050951.0
008 - FIXED-LENGTH DATA ELEMENTS--GENERAL INFORMATION
fixed length control field 181105s1992 xx 000 0 und
082 ## - DEWEY DECIMAL CLASSIFICATION NUMBER
Classification number 344.01873 ARO
100 ## - MAIN ENTRY--PERSONAL NAME
Personal name Arora, H. C.
245 ## - TITLE STATEMENT
Title A handbook of disciplinary action procedure for bank officers /
Statement of responsibility, etc. H. C. Arora
250 ## - EDITION STATEMENT
Edition statement 2nd ed.
260 ## - PUBLICATION, DISTRIBUTION, ETC.
Place of publication, distribution, etc. Mohali :
Name of publisher, distributor, etc. Labour & Services Law Publishers,
Date of publication, distribution, etc. 1992.
300 ## - PHYSICAL DESCRIPTION
Extent 155 p. ;
Dimensions 21 cm.
650 ## - SUBJECT ADDED ENTRY--TOPICAL TERM
Topical term or geographic name entry element Labour law
942 ## - ADDED ENTRY ELEMENTS (KOHA)
Source of classification or shelving scheme Dewey Decimal Classification
Koha item type BOOKs
Holdings
Withdrawn status Lost status Damaged status Not for loan Collection code Home library Current library Shelving location Date acquired Cost, normal purchase price Total Checkouts Full call number Barcode Date last seen Price effective from Koha item type
          . .   05.11.2018 0.00   344.01873 ARO 35431 05.11.2018 05.11.2018 BOOKs